000 01961cam a2200577 i 4500
001 28633
003 KOSZ 005
005 20240912122236.0
008 240529s1988 pl a g 000 0 pol
015 _aUWD 1988/9993
020 _a8303024698
035 _a991003291899705066
035 _a(PL-WaBN)b10883678-48omnis_nlop
035 _ab10883678
035 _a(OCoLC)835014048
035 _a(PL)b0000001088367
035 _a(EXLNZ-48OMNIS_NETWORK)9910510556105606
040 _aWA N
_cWA N
_dKOSZ 005/EG
_dKOSZ 005/RW
045 _bd1843
_bd1913
046 _k1988
080 _a94(438).07
080 _a338.1(438)
100 1 _aŁukasiewicz, Juliusz
_d(1923-2016)
_eAutor
245 1 0 _aPoczątki cywilizacji przemysłowej na ziemiach polskich /
_cJuliusz Łukasiewicz.
250 _aWydanie I.
260 _aWarszawa :
_bKrajowa Agencja Wydawnicza,
_c1988.
300 _a80 stron :
_bfaksy, fotografie, portrety, wykresy ;
_c27 cm.
336 _aTekst
_btxt
_2rdacontent
337 _aBez urządzenia pośredniczącego
_bn
_2rdamedia
338 _aWolumin
_bnc
_2rdacarrier
380 _aKsiążki
380 _aPublikacje popularnonaukowe
388 1 _a1901-2000
388 1 _a1945-1989
490 1 _aDzieje narodu i państwa polskiego ;
_vIII-50
500 _aOpis wg okładki.
504 _aWskazówki bibliograficzne na stronie 79.
648 7 _a1801-1900
_2DBN
650 7 _aIndustrializacja
_2DBN
650 7 _aRolnictwo
_2DBN
651 _aPolska
655 7 _aWydawnictwa popularne
658 _aGospodarka, ekonomia, finanse
658 _aHistoria
658 _aRolnictwo i leśnictwo
710 2 _aKrajowa Agencja Wydawnicza
_4pbl
830 0 _aDzieje Narodu i Państwa Polskiego
_vIII-50
856 _uhttp://koha.tu.koszalin.pl/cgi-bin/koha/opac-detail.pl?biblionumber=28633
_yKatalog online BPK
942 _2UKD
_cKS
999 _c28633
_d28633